| 000 | 00692nam a22002177a 4500 | ||
|---|---|---|---|
| 003 | OSt | ||
| 005 | 20140809093553.0 | ||
| 008 | 140524b1992 mex spa | ||
| 020 | _a968-18-4010-0 | ||
| 040 | _cBMC | ||
| 082 | _a658.0403 | ||
| 082 | _a460.42303 | ||
| 100 | 1 |
_919393 _aFischer Rossi, Konrad |
|
| 245 | 1 | 0 |
_aNuevo diccionario de la empresa _b: con 1600 vocablos español-inglés y definiciones en español _cKonrad Fischer Rossi |
| 250 | _a1ª ed | ||
| 260 |
_aMéxico, D.F. [etc.] _bLimusa _c1992 |
||
| 300 |
_a207 p. _bgráf. _c24 cm |
||
| 650 | 2 | 4 |
_919381 _aGestión de empresas _vDiccionarios |
| 650 | 2 | 4 |
_918006 _aLengua española _vDiccionarios _xInglés |
| 942 |
_2ddc _cBK |
||
| 999 |
_c10421 _d10421 |
||